000 00759nam a2200205 a 4500
008 060424s1976 ||||||||||||||||| || u
020 _a0903031337
050 _aHD 2131.5 Man
100 _aMann, Robert D
245 1 0 _aRural Africa development project : identifying the problems of small farmers
260 _aLondon :
_bINTERMEDIATE TECHNOLOGY
_c1976
260 _aLondon :
_bINTERMEDIATE TECHNOLOGY PUBLICATIONS
_c1976
300 _avi, 49 p. : ill.
350 _a0.00
500 _aBibliography
650 _aAGRICULTURAL SURVEYS--ZAMBIA
650 _aFARMS, SMALL - ZAMBIA
700 _aBoyd, John E. L
995 _D0.00
_FCBU-MAIN LIBRARY (Kitwe)
_H1
_I3.50
_M1
_UAVAILABLE
_ZZambiana Collection
999 _c56805
_d56805